• 首页
  • 本馆介绍
  • 公告通知
  • 最新文献
  • 馆藏检索
  • 电子资源
  • 读者导购
  • 参考咨询
  • 我的图书馆
  • 登录
  • 详细信息显示
  • 放入我的书架
  • 预约/预借图书
  • 作者相关作品
  • 分类相关作品
  • 丛书相关作品
  • 出版社相关作品

书目信息

  • 表格格式
  • 工作单格式
  • 卡片格式
题名:
伪善与正直
    
 
作者: 格兰特 著 ;刘桉彤 译
分册:  
出版信息: 上海   华东师范大学出版社  2017
页数: 257页
开本: 21cm
丛书名: 西方传统 经典与解释
单 册:
中图分类: B546 , B565.26 , B82-051
科图分类:
主题词: 政治伦理学--研究--意大利--中世纪 , 政治伦理学--研究--法国--近代
电子资源:
ISBN: 978-7-5675-6737-5
000 01688oam2 2200325 450
001 3726
005 20180527181948.86
010    @a978-7-5675-6737-5@dCNY58.00
100    @a20171222d2017 em y0chiy50 ea
101 1  @achi@ceng
102    @aCN@b310000
105    @ay z 001yy
200 1  @a伪善与正直@9wei shan yu zheng zhi@e马基雅维利、卢梭与政治的伦理@dHypocrisy and integrity@eMachiavelli, Rousseau, and the ethics of politics@f(美)格兰特(Ruth W. Grant)著@g刘桉彤译@zeng
210    @a上海@c华东师范大学出版社@d2017
215    @a257页@d21cm
225 2  @a西方传统 经典与解释@i马基雅维利集@f刘训练主编
330    @a本书聚焦于伪善与正直的伦理政治问题,探究它们是什么、具有什么形式、为什么会如此呈现出来,以及用不同的方式辨别它们的特征会有什么不同的政治后果。基于对马基雅维利与卢梭作品的细致分析,作者格兰特指出,人与人之间的互相依赖是政治的内在属性,因此,并不彻底独立的个人便无法通过彻底的诚实而在社会生活中实现自己的政治目的。即使最大程度地运用理性,也无法弥补这一内在问题。伪善因而不可避免地成为了政治生活的必然要素。面对伪善的必然性,作者指出,必须从伪善中甄别出合理的与破坏性的。
461  0 @12001 @a西方传统 经典与解释
462  0 @12001 @a马基雅维利集
510 1  @aHypocrisy and integrity@eMachiavelli, Rousseau, and the ethics of politics@zeng
517 1  @a马基雅维利、卢梭与政治的伦理@9ma ji ya wei li、lu suo yu zheng zhi de lun li
606 0  @a政治伦理学@x研究@y意大利@z中世纪
606 0  @a政治伦理学@x研究@y法国@z近代
690    @aB546@v5
690    @aB565.26@v5
690    @aB82-051@v5
701  0 @c(美)@a格兰特@9ge lan te@c(Grant, Ruth W. )@4著
702  0 @a刘桉彤@9liu an tong@4译
801  0 @aCN@b91MARC@c20171222
905    @aMuseLib@dB546@e91
    
    伪善与正直:马基雅维利、卢梭与政治的伦理=Hypocrisy and integrity:Machiavelli, Rousseau, and the ethics of politics/(美)格兰特(Ruth W. Grant)著/刘桉彤译.-上海:华东师范大学出版社,2017
    257页;21cm.-(西方传统 经典与解释.马基雅维利集/刘训练主编)
    
    
    ISBN 978-7-5675-6737-5:CNY58.00
    本书聚焦于伪善与正直的伦理政治问题,探究它们是什么、具有什么形式、为什么会如此呈现出来,以及用不同的方式辨别它们的特征会有什么不同的政治后果。基于对马基雅维利与卢梭作品的细致分析,作者格兰特指出,人与人之间的互相依赖是政治的内在属性,因此,并不彻底独立的个人便无法通过彻底的诚实而在社会生活中实现自己的政治目的。即使最大程度地运用理性,也无法弥补这一内在问题。伪善因而不可避免地成为了政治生活的必然要素。面对伪善的必然性,作者指出,必须从伪善中甄别出合理的与破坏性的。
●
相关链接 在E读中查询图书 在五车中查询图书 在当当中查询图书 在豆瓣中查询图书


正题名:伪善与正直     索取号:B546/91         预约/预借

序号 登录号 条形码 馆藏地/架位号 状态 备注
1 1110367   211103679   第一样本阅览室/ [索取号:B546/91] 在馆    
2 1110368   211103688   教育系资料室/ [索取号:B546/91] 在馆    
3 1110369   211103697   教育系资料室/ [索取号:B546/91] 在馆    
4 1110370   211103704   第一借阅区/ [索取号:B546/91] 在馆    
唐山师范学院图书馆 欢迎您!
大连网信软件有限公司© 版权所有